| 000 | 00700nam a2200193 i 4500 | ||
|---|---|---|---|
| 001 | 89618 | ||
| 003 | ES-MaACL | ||
| 005 | 20230906180231.0 | ||
| 007 | t| | ||
| 008 | 050111s1921 fr ||||1| fre d | ||
| 100 | 1 |
_aLavelle, Louis. _970701 |
|
| 245 | 1 | 3 |
_aLa dialectique du monde sensible / _cLouis Lavelle. |
| 260 |
_aStrasbourg : _bUniversité de Strasbourg, Faculté des Lettres, _c1921 ( _fImp. Alsacienne) |
||
| 300 |
_aXLV, 228 p. ; _c25 cm. |
||
| 490 | 1 |
_aPublications de la Faculté de Lettres de l'Université de Strasbourg ; _v4 |
|
| 830 | 0 |
_aPublications de la Faculté de Lettres de l'Université de Strasbourg ; _v4 _9231900 |
|
| 852 |
_aES-MaACL _jC-1949 |
||
| 999 |
_c89618 _d89618 |
||